Les régions administratives du Québec sur une carte - Statistiques

Statistiques générales
  • Ce quiz a été pris 16 529 fois
  • Le résultat moyen est 10 sur 17
Réponses sur la Carte
Les réponses sont colorées sur une échelle allant du rouge au vert en fonction du pourcentage des utilisateurs qui les ont devinées à leur premier essai. Vous pouvez retrouver ces pourcentages ci-dessous.
 
Statistiques - réponses
Région % Correct
Montréal
91%
Capitale-Nationale
83%
Laval
70%
Gaspésie–Îles-de-la-Madeleine
66%
Nord-du-Québec
61%
Saguenay–Lac-Saint-Jean
56%
Côte-Nord
55%
Laurentides
55%
Abitibi-Témiscamingue
53%
Estrie
53%
Outaouais
50%
Lanaudière
49%
Mauricie
49%
Montérégie
49%
Bas-Saint-Laurent
48%
Centre-du-Québec
47%
Chaudière-Appalaches
45%
Aucun quiz correspondant
Distribution des résultats
% des personnes avec chaque résultat
Percentile par nombre de réponses
Votre historique - résultats
Vous n’avez pas pris ce quiz